000
00229nam a2200097Ia 4500
008
230915s9999 xx 000 0 und d
050
_a
HB 171.A58 2003
100
_a
ANTELL,GERSON
245
0
_a
ECONOMICS FOR EVERYBODY
942
_c
BK
999
_c
72978
_d
72978